000 00321nam a2200121Ia 4500
008 150731s2014 xx 000 0 und d
082 _a615.538
_bV 14 T
100 _aTREEPATHI,INDRDEV
245 _aVYAADHNIGRH-CHAKHAMBHA AYURVEDA SAHITYA
260 _bCHAUKHAMBHA PUB. NEW DELHI
_c2014
300 _a152
942 _2ddc
_cBK
999 _c7718
_d7718